00993cam a22002411 4500001001300000003000400013005001700017008004100034010001700075035001900092040005500111042001200166043001200178050001700190110004200207245017200249260007400421300002800495500010500523700004200628710004100670710004000711e 21000509 DLC20260227111212.0810609s1920 tnua s000 0 eng c ae 21000509  a(OCoLC)7489400 aLibrary U.S. Bur. of EducationcTMdTMdOCoLCdDLC apremarc an-us-tn00aHV742.T2bN32 aNational Child Labor Committee (U.S.)00aChild welfare in Tennessee.bAn inquiry by the National child labor committee for the Tennessee child welfare commission.cUnder the direction of Edward N. Clopper ... a[Nashville,bPrinting department, Tennessee industrial school,c1920] a616 p.btables.c23 cm. aOn cover: Published by State of Tennessee Dept. of public instruction, Albert Williams, supt., 1920.1 aClopper, Edward Nicholas,d1879-1953.1 aTennessee.bDepartment of Education.2 aTennessee Child Welfare Commission.